ALL Melanie Martinez Songs - Statistics

General Stats
  • This quiz has been taken 13,117 times
    11,172 since last reset
  • The average score is 42 of 60
Answer Stats
Album Track # Answer % Correct
Dollhouse EP 1 Dollhouse
97%
Crybaby 2 Dollhouse
97%
Crybaby 1 Cry Baby
96%
K-12 1 Wheels On the Bus
84%
K-12 9 Orange Juice
82%
Dollhouse EP 2 Carousel
80%
Crybaby 4 Carousel
80%
K-12 2 Class Fight
80%
PORTALS 1 DEATH
80%
Crybaby 10 Milk and Cookies
80%
Crybaby 9 Tag, You're It
80%
Crybaby 3 Sippy Cup
79%
Crybaby 6 Soap
79%
Crybaby 13 Mad Hatter
78%
K-12 11 Teacher's Pet
78%
PORTALS 2 VOID
78%
Crybaby (Deluxe) 16 Cake
77%
K-12 12 High School Sweethearts
77%
K-12 3 The Principal
77%
Crybaby 5 Alphabet Boy
76%
K-12 8 Lunchbox Friends
76%
K-12 5 Nurse's Office
76%
Crybaby 7 Training Wheels
76%
Crybaby 8 Pity Party
75%
K-12 13 Recess
75%
Crybaby 11 Pacify Her
74%
K-12 7 Strawberry Shortcake
74%
K-12 10 Detention
73%
Crybaby 12 Mrs. Potato Head
73%
Crybaby (Deluxe) 14 Play Date
73%
K-12 4 Show & Tell
73%
K-12 6 Drama Club
72%
Crybaby (Deluxe) 15 Teddy Bear
72%
After School - EP 7 The Bakery
70%
PORTALS 12 EVIL
68%
PORTALS 6 SPIDER WEB
66%
After School - EP 1 Notebook
65%
PORTALS 11 NYMPHOLOGY
65%
PORTALS 3 TUNNEL VISION
65%
PORTALS (Deluxe) 16 MILK OF THE SIREN
64%
PORTALS 13 WOMB
63%
Dollhouse EP 3 Dead To Me
62%
Other - Fire Drill
62%
After School - EP 5 Glued
62%
After School - EP 4 Numbers
62%
Dollhouse EP 4 Bittersweet Tragedy
61%
PORTALS 5 LIGHT SHOWER
61%
PORTALS 10 MOON CYCLE
61%
Other - Copy Cat (with Tierra Whack)
60%
Other - Gingerbread Man
60%
PORTALS (Deluxe) 15 PLUTO
60%
After School - EP 2 Test Me
60%
PORTALS 9 THE CONTORTIONIST
60%
After School - EP 6 Field Trip
59%
PORTALS 7 LEECHES
59%
After School - EP 3 Brain & Heart
58%
PORTALS 4 FAERIE SOIREE
58%
PORTALS 8 BATTLE OF THE LARYNX
57%
PORTALS (Deluxe) 14 POWDER
57%
Other - Piggyback
31%
No matching quizzes found
Score Distribution
Percent of People with Each Score
Percentile by Number Answered
Your Score History
You have not taken this quiz since the last reset